| 000 | 00407nam a2200169 4500 | ||
|---|---|---|---|
| 008 | 190529s2010||||xo d | ||
| 100 | 1 |
_aKomorovská Vladimíra _91158 |
|
| 245 | 1 | 0 |
_aBonvivÍ?ke chiaroscuro _bStopy |
| 260 |
_bSSS _aBratislava _c2010 |
||
| 020 |
_a9788080614089 _c0 |
||
| 250 | _a1. vydanie | ||
| 044 |
_axo _cSK |
||
| 041 | 1 | _aslo | |
| 490 | _astopy | ||
| 300 | _a134 s. | ||
| 958 | _aA | ||
| 999 |
_c22462 _d22462 |
||